000 00273nam a2200109Ia 4500
005 20251222143257.0
008 251222s9999||||xx |||||||||||||| ||spa||
082 _a341.242/A82
245 0 _aLa ComunitĂș Europea Per I Giovani
264 _bCorriere delle Opere
942 _cLIB
999 _c15182
_d15182